Hiánypótló képzések indulnak művészetmenedzsment szak indul az egyetemen /

Elmentve itt :
Bibliográfiai részletek
Szerző: Kozma Rita
További közreműködők: Karnok Csaba
Dokumentumtípus: Cikk
Megjelent: 2021-01-21
Sorozat:Délmagyarország 111 No. 17
Kulcsszavak:Bölcsészet- és Társadalomtudományi Kar, Gazdaságtudományi Kar, Gyenge Zoltán - dékán, Új képzés - művészettörténet alapszak, Új képzés - design- és művészetmenedzsment mesterképzés
Online Access:http://univ.bibl.u-szeged.hu/57021
LEADER 00941nab a2200193 i 4500
001 univ57021
005 20210126141625.0
008 210121s2021 hu o 0|| zxx d
040 |a SZTE UnivHistória Repozitórium  |b hun 
041 |a zxx 
100 1 |a Kozma Rita 
245 1 0 |a Hiánypótló képzések indulnak   |h [elektronikus dokumentum] :  |b művészetmenedzsment szak indul az egyetemen /  |c  Kozma Rita 
260 |c 2021-01-21 
300 |a 1, 9 
490 0 |a Délmagyarország  |v 111 No. 17 
561 |a Egyetemi hirarchívum 
695 |a Bölcsészet- és Társadalomtudományi Kar, Gazdaságtudományi Kar, Gyenge Zoltán - dékán, Új képzés - művészettörténet alapszak, Új képzés - design- és művészetmenedzsment mesterképzés 
700 0 1 |a Karnok Csaba 
856 4 0 |u http://univ.bibl.u-szeged.hu/57021/1/2021-01-21%2003_00_00_D%C3%A9lmagyarorsz%C3%A1g_Hi%C3%A1nyp%C3%B3tl%C3%B3%20k%C3%A9pz%C3%A9sek%20indulnak.pdf  |z Dokumentum-elérés